| 000 | 01341nam a2200169 a 4500 | ||
|---|---|---|---|
| 999 |
_c2261 _d2261 |
||
| 005 | 20200220100220.0 | ||
| 008 | 160527c ag ||||| |||| 00| 0spa d | ||
| 022 | _203262383 | ||
| 245 |
_aLatin American Journal of Pharmacy _bformely Acta Farmaceutica Bonaerense |
||
| 260 |
_aLa Plata _bColegio de Farmaceuticos de la Provincia de Buenos Aires |
||
| 300 | _av. | ||
| 310 | _aMensual | ||
| 546 | _aIngles | ||
| 590 | _aExistencias 1982 1(1,2); 1983 2(1,2); 1984 3(1,2); 1985 4(1,2); 1986 5(1,2); 1987 6(1,2,3); 1988 7(1,2,3); 1989 8(1,2,3); 1990 9(1,2,3); 1991 10(1,2,3); 1992 11(1,2,3); 1993 12(1,2,3); 1994 13(1,3); 1995 14(1,2,3,4); 1996 15(1,2,3,4); 1997 16(1,2,3); 1998 17(1,2,3,4); 1999 18(1,2); 2000 19(1,2,3,4); 2001 20(1,2,3,4); 2002 21(1,2,3); 2003 22(1,3,4); 2004 23(1-4); 2005 24(1,2,3,4); 2006 25(2,3,4); 2007 26(1,2,3,4); 2008 27(1,3,4,5,6); 2009 28(1,2,3,5,6); 2010 29(1-8); 2011 30(1-10); 2012 31(1-10); 2013 32(1-10); 2014 33(1-10); 2015 34(1-9); 2016 35(4,5,6,9,10 suppl.1,7,8); 2017 36(1,2,3,5,6,11,12) 2018 37(1,2,3,4,5,6,9,10,11,12); 2019 38(1,2,3,5,6,7,8,9,10,11) Año 1982 al 2008 BAJA EN DEPOSITO (año 2008 no encontrado en el estante, Junio 2019) 1982 A1984 y de 1988 a 2005 (caja 27) JUNIO 2019 2006, 2007 y 2009 BAJA DEPOSITO (CAJA 27) JUNIO 2019 | ||
| 856 | _uwww.latamjpharm.org/ | ||
| 942 |
_2ddc _cCR |
||